000
00282nam a22001217a 4500
020
_a
9788178846743
082
_a
330
100
_a
R.Kothekar
245
_a
Emerging trends in labour economics
260
_a
New Delhi
_b
Cybertech publications
_c
2011
300
_a
264p
942
_c
BK
999
_c
3231
_d
3231